| 000 | 00425nam a2200169Ia 4500 | ||
|---|---|---|---|
| 008 | 230711s9999||||xx |||||||||||||| ||und|| | ||
| 020 | _a978-0-07-707256-4 | ||
| 041 | _aENG | ||
| 082 |
_a620.112 _bRA-S |
||
| 100 | _aRattan,S.S | ||
| 245 | 0 | _aStrength of materials | |
| 250 | _a2nd Ed. | ||
| 260 |
_c2011 _aNew Delhi _bTata McGraw Hill Education Limited |
||
| 300 | _a738 | ||
| 650 | _aMechanical Engineering | ||
| 942 | _cBK | ||
| 999 |
_c5097 _d5097 |
||